• 首页
  • 本馆介绍
  • 公告通知
  • 最新文献
  • 馆藏检索
  • 电子资源
  • 读者导购
  • 参考咨询
  • 我的图书馆
  • 登录
  • 详细信息显示
  • 放入我的书架
  • 预约/预借图书
  • 作者相关作品
  • 分类相关作品
  • 丛书相关作品
  • 出版社相关作品

书目信息

  • 表格格式
  • 工作单格式
  • 卡片格式
题名:
矿产资源有偿取得法律问题研究
    
 
作者: 王继军 , 赵大为 , 王彬 著
分册:  
出版信息: 北京   商务印书馆  2014.10
页数: 366页
开本: 21cm
丛书名:
单 册:
中图分类: D922.624
科图分类:
主题词: 矿产资源法--Kuang Chan Zi Yuan Fa--研究--中国 , 研究--Yan Jiu , 中国--Zhong Guo
电子资源:
ISBN: 978-7-100-10703-7
000 01268nam0 22003011 450
001 350334
005 20161008170025.71
010    @a978-7-100-10703-7@dCNY36.00
100    @a20141216d2014 em y0chiy50 ea
101 0  @achi
102    @aCN@b110000
105    @ay z 000yy
106    @ar
200 1  @a矿产资源有偿取得法律问题研究@AKuang Chan Zi Yuan You Chang Qu De Fa Lv Wen Ti Yan Jiu@e以山西煤炭资源有偿使用为例@f王继军,赵大为,王彬著
210    @a北京@c商务印书馆@d2014.10
215    @a366页@d21cm
300    @a教育部人文社会科学研究项目 中国地质调查局资助课题 山西大学资源型经济转型发展协同创新中心项目——煤炭资源产业收益分配研究
330    @a本书共分7章,内容包括我国矿产资源取得方式的变迁、我国矿产资源有偿取得(使用)的实践——以山西煤炭资源为例、矿产资源有偿取得法律制度中存在的问题等。
517 1  @a以山西煤炭资源有偿使用为例@AYi Shan Xi Mei Tan Zi Yuan You Chang Shi Yong Wei Li
606 0  @a矿产资源法@AKuang Chan Zi Yuan Fa@x研究@y中国
606 0  @a研究@AYan Jiu
606 0  @a中国@AZhong Guo
690    @aD922.624@v5
701  0 @a王继军@AWang Ji Jun@f(1956~)@4著
701  0 @a赵大为@AZhao Da Wei@f(1983~)@4著
701  0 @a王彬@AWang Bin@c(法学教师)@4著
801  0 @aCN@bTANGWEI@c20160803
905    @b0889505-9@dD922.624@e1353@f5
    
    矿产资源有偿取得法律问题研究:以山西煤炭资源有偿使用为例/王继军,赵大为,王彬著 .-北京:商务印书馆,2014.10
    366页;21cm
    教育部人文社会科学研究项目 中国地质调查局资助课题 山西大学资源型经济转型发展协同创新中心项目——煤炭资源产业收益分配研究
    
    ISBN 978-7-100-10703-7:CNY36.00
    本书共分7章,内容包括我国矿产资源取得方式的变迁、我国矿产资源有偿取得(使用)的实践——以山西煤炭资源为例、矿产资源有偿取得法律制度中存在的问题等。
●
相关链接 在E读中查询图书 在五车中查询图书 在当当中查询图书 在豆瓣中查询图书


正题名:矿产资源有偿取得法律问题研究     索取号:D922.624/1353         预约/预借

序号 登录号 条形码 馆藏地/架位号 状态 备注
1 0889505   208895052   第一样本阅览室/ [索取号:D922.624/1353] 在馆    
2 0889506   208895061   密集书库-史法系/ [索取号:D922.624/1353] 在馆    
3 0889507   208895070   第一借阅区/ [索取号:D922.624/1353] 在馆    
4 0889508   208895089   第一借阅区/ [索取号:D922.624/1353] 在馆    
5 0889509   208895098   第一借阅区/ [索取号:D922.624/1353] 在馆    
唐山师范学院图书馆 欢迎您!
大连网信软件有限公司© 版权所有